| 000 | 00668nam a2200217 a 4500 | ||
|---|---|---|---|
| 001 | BRCA_5711 | ||
| 005 | 20190320205204.0 | ||
| 008 | 030311s1921----gw-#######---#001-0#ger-# | ||
| 041 | _ager | ||
| 044 | _agw | ||
| 050 | 4 |
_aND1488 _b.K66 1921 |
|
| 100 | 1 |
_aKónig, E. _914498 |
|
| 245 | 1 | 0 |
_aDie Farben-Photographie _bFine gemeinberstandliche Darstellung der verschiedenen Bersahen nebst Unleitung zu ihrer Vusfuhrung _cE. Kónig. |
| 260 |
_aBerlín _bUnion Deutsche Verlagsgesellschaft ... _c1921 |
||
| 300 |
_a152 p. _c20 cm. |
||
| 500 | _aIncluye índice analítico | ||
| 500 | _aEdición con cantos dorados | ||
| 500 | _aH33 | ||
| 902 | _aGFM | ||
| 942 |
_2lcc _cB |
||
| 999 |
_c5401 _d5401 |
||